[Event "ch-BEL"]
[Site "Charleroi BEL"]
[Date "2001.07.07"]
[Round "1"]
[White "Dutreeuw,M"]
[Black "Dgebuadze,A"]
[Result "1/2-1/2"]
[WhiteElo "2390"]
[BlackElo "2547"]
[EventDate "2001.07.07"]

1. e4 e6 2. d4 d5 3. Nc3 Bb4 4. e5 c5 5. a3 Bxc3+ 6. bxc3 Ne7 7. Qg4 O-O 8.
Bd3 Nbc6 9. Qh5 Ng6 10. Nf3 Qc7 11. Be3 c4 12. Bxg6 fxg6 13. Qg4 Qf7 14.
Ng5 Qe8 15. h4 Ne7 16. Qe2 h6 17. Nh3 Bd7 18. h5 gxh5 19. Nf4 g6 20. g4 h4
21. Qd2 b5 22. Ng2 g5 23. f4 1/2-1/2

[Event "ch-BEL"]
[Site "Charleroi BEL"]
[Date "2001.07.07"]
[Round "1"]
[White "Van Mechelen,J"]
[Black "Chuchelov,V"]
[Result "0-1"]
[WhiteElo "2260"]
[BlackElo "2607"]
[EventDate "2001.07.07"]

1. e4 c5 2. Nc3 e6 3. g3 Nc6 4. Bg2 g6 5. d3 Bg7 6. Nge2 Nge7 7. h4 h6 8.
h5 g5 9. f4 gxf4 10. Bxf4 d6 11. Qd2 Nd4 12. Nd1 d5 13. Ng1 Ndc6 14. Qe2
dxe4 15. dxe4 Qa5+ 16. c3 b6 17. Ne3 Ba6 18. Qc2 e5 19. Nf5 exf4 20. Nxg7+
Kf8 21. Nf5 Nxf5 22. exf5 Re8+ 23. Kf2 Ne5 24. gxf4 Ng4+ 25. Kg3 Ne3 0-1

[Event "ch-BEL"]
[Site "Charleroi BEL"]
[Date "2001.07.07"]
[Round "1"]
[White "Meessen,R"]
[Black "Cekro,E"]
[Result "1/2-1/2"]
[WhiteElo "2323"]
[BlackElo "2393"]
[EventDate "2001.07.07"]

1. d4 Nf6 2. c4 e6 3. Nc3 b6 4. e4 Bb4 5. Bd3 Bb7 6. f3 Bxc3+ 7. bxc3 d6 8.
Ne2 Nbd7 9. O-O Qe7 10. Ng3 h5 11. Bg5 h4 1/2-1/2

[Event "ch-BEL"]
[Site "Charleroi BEL"]
[Date "2001.07.07"]
[Round "1"]
[White "Claesen,P"]
[Black "Winants,L"]
[Result "1/2-1/2"]
[WhiteElo "2411"]
[BlackElo "2497"]
[EventDate "2001.07.07"]

1. d4 Nf6 2. Nf3 b6 3. e3 Bb7 4. Bd3 d5 5. Ne5 g6 6. O-O Bg7 7. c4 O-O 8.
Nc3 c5 9. dxc5 Qc7 10. Ng4 dxc4 11. Nxf6+ Bxf6 12. Bxc4 Qxc5 13. Bd5 Qc8
14. Qf3 Nc6 15. Bd2 Bg7 16. Rac1 1/2-1/2

[Event "ch-BEL"]
[Site "Charleroi BEL"]
[Date "2001.07.08"]
[Round "2"]
[White "Cekro,E"]
[Black "Claesen,P"]
[Result "1/2-1/2"]
[WhiteElo "2393"]
[BlackElo "2411"]
[EventDate "2001.07.07"]

1. c4 e6 2. g3 d5 3. Bg2 Nf6 4. Nf3 dxc4 5. Qa4+ Nbd7 6. O-O a6 7. Qxc4 c5
8. Qc2 b5 9. a4 Bb7 10. d3 Be7 11. Nc3 Qb6 12. Bg5 h6 13. Bxf6 Bxf6 14. Nd2
Bxg2 15. Kxg2 O-O 16. Qb3 Rab8 17. axb5 axb5 18. Nde4 Rfc8 19. Rfc1 Ra8
1/2-1/2

[Event "ch-BEL"]
[Site "Charleroi BEL"]
[Date "2001.07.08"]
[Round "2"]
[White "Dgebuadze,A"]
[Black "Van Mechelen,J"]
[Result "1/2-1/2"]
[WhiteElo "2547"]
[BlackElo "2260"]
[EventDate "2001.07.07"]

1. c4 g6 2. Nc3 Bg7 3. g3 d6 4. Bg2 Nf6 5. e4 c5 6. Nge2 Nc6 7. d3 O-O 8.
O-O Rb8 9. h3 Ne8 10. Kh2 Nc7 11. Be3 Ne6 12. Qd2 Ned4 13. Bh6 Bxh6 14.
Qxh6 Ne5 15. Nxd4 cxd4 16. Nb5 Qb6 17. Qd2 a6 18. Na3 Nc6 19. f4 f6 20. Rf2
Bd7 21. Raf1 e5 22. Nb1 Kg7 23. a3 a5 24. h4 a4 25. f5 Na5 26. Bh3 Nb3 27.
Qc2 Nc5 28. Rf3 Qd8 29. Nd2 Ra8 30. R1f2 Qe7 31. Qb1 Rf7 32. Nf1 Rb8 33.
Kg1 Rff8 34. Nh2 b5 35. cxb5 Rxb5 36. Qf1 Rb3 1/2-1/2

[Event "ch-BEL"]
[Site "Charleroi BEL"]
[Date "2001.07.09"]
[Round "3"]
[White "Van Mechelen,J"]
[Black "Claesen,J"]
[Result "1/2-1/2"]
[WhiteElo "2260"]
[BlackElo "2273"]
[EventDate "2001.07.07"]

1. d4 g6 2. Nf3 f5 3. g3 Bg7 4. Bg2 Nf6 5. O-O d6 6. c4 O-O 7. Nc3 Qe8 8.
b3 e5 9. dxe5 dxe5 10. e4 Nc6 11. Nd5 Qd7 12. Ba3 Rd8 13. Qc2 Nxe4 14. Rad1
Kh8 15. Nb6 axb6 16. Rxd7 Bxd7 17. Bb2 Rxa2 18. Qb1 Raa8 19. Rd1 Be6 20.
Rxd8+ Rxd8 21. Nxe5 Nxe5 22. Bxe4 fxe4 23. Bxe5 Bh3 24. Qa1 Bxe5 25. Qxe5+
Kg8 26. f4 exf3 27. Kf2 Rd3 28. Qe8+ 1/2-1/2

[Event "ch-BEL"]
[Site "Charleroi BEL"]
[Date "2001.07.09"]
[Round "3"]
[White "Meessen,R"]
[Black "Dgebuadze,A"]
[Result "0-1"]
[WhiteElo "2323"]
[BlackElo "2547"]
[EventDate "2001.07.07"]

1. e4 c5 2. Nf3 Nc6 3. d4 cxd4 4. Nxd4 Nf6 5. Nc3 d6 6. Be3 Ng4 7. Bb5 Nxe3
8. fxe3 Bd7 9. O-O e6 10. Bxc6 bxc6 11. Qf3 Qf6 12. Qe2 Qg5 13. Rf3 Be7 14.
Rg3 Qe5 15. Qa6 O-O 16. Qb7 Rfd8 17. Nxc6 Bxc6 18. Qxe7 Rd7 19. Qg5 Rb8 20.
Qxe5 dxe5 21. b3 Rc8 22. Rc1 Bb7 23. Nb1 Bxe4 24. c4 f5 25. Nc3 Bb7 26. Rc2
e4 27. Nb5 a6 28. Nd4 f4 0-1

[Event "ch-BEL"]
[Site "Charleroi BEL"]
[Date "2001.07.09"]
[Round "3"]
[White "Claesen,P"]
[Black "Chuchelov,V"]
[Result "1/2-1/2"]
[WhiteElo "2411"]
[BlackElo "2607"]
[EventDate "2001.07.07"]

1. e4 c5 2. Nf3 d6 3. Bb5+ Nd7 4. O-O Ngf6 5. Nc3 a6 6. Bxd7+ Bxd7 7. d4
cxd4 8. Qxd4 e5 9. Qd3 h6 10. a4 Rc8 11. b3 Qc7 12. Bb2 Be7 13. Rac1 O-O
14. Nd2 Be6 15. Nd5 Nxd5 16. exd5 Bd7 17. f4 f5 18. Qg3 Bf6 19. fxe5 Bxe5
20. Bxe5 dxe5 21. Nc4 f4 22. Qf2 e4 23. Qd4 Rce8 1/2-1/2

[Event "ch-BEL"]
[Site "Charleroi BEL"]
[Date "2001.07.10"]
[Round "4"]
[White "Dgebuadze,A"]
[Black "Claesen,P"]
[Result "1-0"]
[WhiteElo "2547"]
[BlackElo "2411"]
[EventDate "2001.07.07"]

1. e4 c6 2. d4 g6 3. Nf3 Bg7 4. c3 d6 5. Bd3 Nf6 6. O-O O-O 7. Re1 Qc7 8.
a4 e5 9. Nbd2 Nbd7 10. h3 a5 11. Bf1 d5 12. dxe5 Nxe4 13. Nxe4 dxe4 14.
Rxe4 Nxe5 15. Nxe5 Bxe5 16. Qe2 Bf6 17. Bd2 Qb6 18. Bh6 Bf5 19. Re7 Be6 20.
Bxf8 Rxf8 21. Rxe6 fxe6 22. Rd1 Bh4 23. Qxe6+ Kg7 24. Rd7+ Kh6 25. Qe5 Qc5
26. Qe3+ Qxe3 27. fxe3 Bf2+ 28. Kh1 Bg3 29. Kg1 Bf2+ 30. Kh2 Bxe3 31. Bc4
b6 32. Bf7 Bc1 33. g3 Kg5 34. h4+ Kf6 35. Bc4 Bxb2 36. Rd6+ Ke7 37. Rxc6
Bxc3 38. Rc7+ Kf6 39. Rxh7 Bd4 40. Kh3 Bc5 41. Kg4 Rd8 42. Rf7+ Ke5 43. Kg5
Rd6 44. Kh6 Be3+ 45. Kh7 g5 46. Re7+ Kd4 47. Rxe3 Rd7+ 48. Kh6 gxh4 49.
Rd3+ Kxc4 50. Rxd7 hxg3 51. Rg7 Kb3 52. Rg4 g2 53. Kg5 g1=Q 54. Rxg1 Kxa4
1-0

[Event "ch-BEL"]
[Site "Charleroi BEL"]
[Date "2001.07.10"]
[Round "4"]
[White "Claesen,J"]
[Black "Meessen,R"]
[Result "1-0"]
[WhiteElo "2273"]
[BlackElo "2323"]
[EventDate "2001.07.07"]

1. d4 e6 2. Nf3 f5 3. c4 Nf6 4. Nc3 Bb4 5. Qb3 a5 6. Bg5 b6 7. O-O-O Na6 8.
g4 fxg4 9. Ne5 Bb7 10. Rg1 Bxc3 11. bxc3 Qe7 12. Bg2 a4 13. Qb2 Qd6 14.
Bxb7 Ra7 15. Bh1 O-O 16. Bxf6 Rxf6 17. Nxg4 Rf8 18. e3 c5 19. Be4 cxd4 20.
Rxd4 Qc5 21. f4 Nc7 22. Qb4 d5 23. cxd5 1-0

[Event "ch-BEL"]
[Site "Charleroi BEL"]
[Date "2001.07.10"]
[Round "4"]
[White "Dutreeuw,M"]
[Black "Van Mechelen,J"]
[Result "1/2-1/2"]
[WhiteElo "2390"]
[BlackElo "2260"]
[EventDate "2001.07.07"]

1. e4 e6 2. d4 d5 3. Nc3 Bb4 4. e5 c5 5. a3 Bxc3+ 6. bxc3 Ne7 7. Qg4 O-O 8.
Bd3 Nbc6 9. Qh5 Ng6 10. Nf3 Qc7 11. Be3 c4 12. Bxg6 fxg6 13. Qg4 Bd7 14. h4
Rf5 15. Ng5 Raf8 16. h5 Qa5 17. Bd2 Rxg5 18. Qxg5 Rf5 19. Qg3 1/2-1/2

[Event "ch-BEL"]
[Site "Charleroi BEL"]
[Date "2001.07.11"]
[Round "5"]
[White "Meessen,R"]
[Black "Dutreeuw,M"]
[Result "1/2-1/2"]
[WhiteElo "2323"]
[BlackElo "2390"]
[EventDate "2001.07.07"]

1. d4 d5 2. c4 e6 3. Nc3 Be7 4. cxd5 exd5 5. Bf4 Nf6 6. e3 Bf5 7. Qb3 Nc6
8. Qxb7 Nb4 9. Bb5+ Kf8 10. Kd2 Bd6 11. Bxd6+ cxd6 12. Be8 Kxe8 13. Qxb4
Rb8 14. Qa3 Qb6 15. b3 a5 16. f3 Qb4 17. Qxb4 axb4 18. Na4 Ke7 19. Ne2 Rhc8
20. Rhc1 g5 21. Nb2 Kd7 22. Rxc8 Rxc8 23. Nd3 Bxd3 24. Kxd3 Ra8 25. Kd2 Ng8
26. Nc1 Ne7 27. Nd3 Nc6 28. Ne1 f5 29. Nc2 Na5 30. Kd3 Nc6 31. a3 bxa3 32.
Rxa3 Rb8 33. g3 h5 34. Ne1 g4 35. Kc3 Rc8 36. fxg4 hxg4 37. Nd3 Ne5+ 38.
Kd2 1/2-1/2

[Event "ch-BEL"]
[Site "Charleroi BEL"]
[Date "2001.07.11"]
[Round "5"]
[White "Claesen,P"]
[Black "Claesen,J"]
[Result "1/2-1/2"]
[WhiteElo "2411"]
[BlackElo "2273"]
[EventDate "2001.07.07"]

1. e4 d5 2. exd5 Nf6 3. c4 e6 4. dxe6 Bxe6 5. d4 Bb4+ 6. Bd2 Bxd2+ 7. Qxd2
Qe7 8. Qe3 Nc6 9. Nf3 Ng4 10. Qe2 O-O-O 11. d5 Rhe8 12. Nc3 Bxd5 13. cxd5
Qb4 14. O-O-O Rxe2 15. Bxe2 Nxf2 16. dxc6 Rxd1+ 17. Rxd1 Nxd1 18. cxb7+
Kxb7 19. Bxd1 Qf4+ 20. Kc2 Qe3 21. Nd2 c6 22. Bf3 g5 23. h3 f5 24. b4 g4
25. hxg4 fxg4 26. Be4 a6 27. a4 Ka7 28. Bxh7 Qe7 29. Be4 Qxb4 30. Bxc6 Qd4
31. Be4 Qd3+ 32. Kxd3 1/2-1/2

[Event "ch-BEL"]
[Site "Charleroi BEL"]
[Date "2001.07.11"]
[Round "5"]
[White "Cekro,E"]
[Black "Chuchelov,V"]
[Result "1-0"]
[WhiteElo "2393"]
[BlackElo "2607"]
[EventDate "2001.07.07"]

1. c4 Nf6 2. g3 c6 3. b3 d5 4. Bh3 Bd7 5. Bb2 Bg4 6. Bg2 Nbd7 7. Nf3 e6 8.
O-O Bd6 9. d3 O-O 10. Nbd2 a5 11. a3 Re8 12. Qc2 e5 13. h3 Bh5 14. e4 dxe4
15. dxe4 Bc5 16. Nh4 Qb6 17. Ndf3 Bf8 18. Rab1 Qc7 19. Rfe1 Nc5 20. Bc3
Nfd7 21. b4 axb4 22. axb4 Ne6 23. c5 f6 24. Red1 b6 25. cxb6 Nxb6 26. Rdc1
Bf7 27. Bf1 Rec8 28. Bd2 c5 29. Be3 Qd8 30. Qd2 Nd4 31. bxc5 Bxc5 32. Rxc5
Rxc5 33. Nxd4 Nc4 34. Qb4 Rcc8 35. Ndf5 Rcb8 36. Qe1 Rxb1 37. Qxb1 Nxe3 38.
Nxe3 Rc8 39. Nf3 Be6 40. Qe1 Kh8 41. Qb4 Rc5 42. Qc4 Rc8 43. Qb4 Rb8 44.
Qe1 Qc7 45. Bg2 Qc5 46. Nh2 Qb6 47. Nhf1 Ra8 48. Nd5 Qb2 49. Qe3 Rc8 50.
Qf3 Qd4 51. Kh2 Qd3 52. Nfe3 Qa3 53. h4 Rb8 54. g4 Rf8 55. Qe2 Qa7 56. Qd2
Rb8 57. Bf3 Qa3 58. Kg3 Qa1 59. Bg2 Qf1 60. Qc3 Qa1 61. Bf1 Qxc3 62. Nxc3
h6 63. Ncd5 Rb1 64. Bh3 Rb2 65. f3 Bf7 66. g5 hxg5 67. hxg5 fxg5 68. Nc4
Re2 69. Bf1 Re1 70. Kf2 Ra1 71. Nde3 Be6 72. Nxe5 Kg8 73. Bc4 Bxc4 74.
N3xc4 Kh7 75. Ng4 Kg6 76. Nd6 Ra2+ 77. Kg3 1-0

[Event "ch-BEL"]
[Site "Charleroi BEL"]
[Date "2001.07.12"]
[Round "6"]
[White "Claesen,J"]
[Black "Winants,L"]
[Result "1/2-1/2"]
[WhiteElo "2273"]
[BlackElo "2497"]
[EventDate "2001.07.07"]

1. e4 e5 2. Nf3 Nc6 3. c3 Nf6 4. d4 Nxe4 5. d5 Ne7 6. Nxe5 Ng6 7. Nc4 Bc5
8. Be3 d6 9. Nbd2 Nf6 10. Nb3 Bxe3 11. Nxe3 O-O 12. Be2 Bd7 13. Qd4 a5 14.
O-O-O a4 15. Nd2 a3 16. b3 Re8 17. g4 c5 18. dxc6 Bxc6 19. Rhe1 Nf8 20. Nf5
Ne6 21. Qxd6 Qa5 22. b4 Qa7 23. Bc4 Rad8 24. Ne7+ Kh8 25. Nxc6 bxc6 26. Qg3
Nd5 27. Ne4 Qe7 28. g5 Qf8 29. h4 Nef4 1/2-1/2

[Event "ch-BEL"]
[Site "Charleroi BEL"]
[Date "2001.07.12"]
[Round "6"]
[White "Dutreeuw,M"]
[Black "Claesen,P"]
[Result "1/2-1/2"]
[WhiteElo "2390"]
[BlackElo "2411"]
[EventDate "2001.07.07"]

1. e4 e6 2. d4 d5 3. Nc3 Bb4 4. e5 c5 5. a3 Bxc3+ 6. bxc3 Nc6 7. Nf3 Qa5 8.
Bd2 Qa4 9. Qb1 c4 10. g3 Bd7 11. Bg2 O-O-O 1/2-1/2

[Event "ch-BEL"]
[Site "Charleroi BEL"]
[Date "2001.07.12"]
[Round "6"]
[White "Van Mechelen,J"]
[Black "Meessen,R"]
[Result "0-1"]
[WhiteElo "2260"]
[BlackElo "2323"]
[EventDate "2001.07.07"]

1. e4 e6 2. d4 d5 3. Nc3 Bb4 4. e5 c5 5. dxc5 Ne7 6. Nf3 Nbc6 7. Bd3 d4 8.
a3 Ba5 9. b4 Nxb4 10. axb4 Bxb4 11. O-O Bxc3 12. Rb1 h6 13. Nd2 Bxd2 14.
Bxd2 Bd7 15. Rxb7 Bc6 16. Rb4 a5 17. Rb6 Qd5 18. Qg4 Qxe5 19. Rfb1 h5 20.
Qh4 f6 21. Bxa5 Qxc5 22. Rxc6 Nxc6 23. Qe4 Rxa5 24. Qxe6+ Kd8 25. Bf5 Qxf5
26. Qxc6 Qd7 0-1

[Event "ch-BEL"]
[Site "Charleroi BEL"]
[Date "2001.07.13"]
[Round "7"]
[White "Cekro,E"]
[Black "Claesen,J"]
[Result "1-0"]
[WhiteElo "2393"]
[BlackElo "2273"]
[EventDate "2001.07.07"]

1. c4 f5 2. Nc3 Nf6 3. d4 g6 4. g3 Bg7 5. Bg2 d6 6. d5 e5 7. dxe6 Nc6 8. b3
Bxe6 9. Nh3 Ne4 10. Nxe4 fxe4 11. Rb1 Bf5 12. O-O Qe7 13. Nf4 O-O-O 14. b4
Ne5 15. Qa4 Kb8 16. Be3 b6 17. Nd5 Qd7 18. b5 h5 19. Nb4 h4 20. Bf4 a5 21.
Nc6+ Nxc6 22. bxc6 Qe8 23. c5 e3 24. cxb6 exf2+ 25. Kxf2 hxg3+ 26. hxg3
Bxb1 27. bxc7+ Kc8 28. Rxb1 g5 29. Rb8+ Kxc7 30. Qxa5+ 1-0

[Event "ch-BEL"]
[Site "Charleroi BEL"]
[Date "2001.07.14"]
[Round "8"]
[White "Claesen,J"]
[Black "Chuchelov,V"]
[Result "0-1"]
[WhiteElo "2273"]
[BlackElo "2607"]
[EventDate "2001.07.07"]

1. e4 c5 2. c3 d5 3. exd5 Qxd5 4. d4 Nf6 5. Na3 a6 6. Nf3 Bg4 7. Be2 e6 8.
Nc4 Bxf3 9. gxf3 Nbd7 10. Be3 Qc6 11. Qc2 Be7 12. Rg1 g6 13. O-O-O Qc7 14.
Ne5 cxd4 15. Nxd7 dxe3 16. Nxf6+ Bxf6 17. fxe3 O-O 18. f4 Rfc8 19. Rgf1 b5
20. e4 b4 21. c4 a5 22. h4 Be7 23. e5 a4 24. Qe4 Bxh4 25. Rh1 Be7 26. Rh3
Bf8 27. Rdh1 h6 28. Bd3 Bg7 29. Qg2 Rd8 30. Rxh6 Rac8 31. Bxg6 fxg6 32.
Qxg6 Qxc4+ 33. Kb1 Qd3+ 34. Qxd3 Rxd3 35. Rxe6 Rd2 36. Rg1 Rcc2 37. Reg6
Rxb2+ 38. Kc1 Rbc2+ 39. Kb1 Rb2+ 40. Kc1 Rdc2+ 41. Kd1 Rc7 42. f5 Rb1+ 43.
Kd2 Rxg1 44. Rxg1 Kf7 45. Re1 Rc5 46. f6 Bh6+ 47. Kd3 Ke6 48. Kd4 Bf8 49.
f7 Rd5+ 0-1

[Event "ch-BEL"]
[Site "Charleroi BEL"]
[Date "2001.07.14"]
[Round "8"]
[White "Van Mechelen,J"]
[Black "Winants,L"]
[Result "1/2-1/2"]
[WhiteElo "2260"]
[BlackElo "2497"]
[EventDate "2001.07.07"]

1. e4 e5 2. Nf3 Nc6 3. Bc4 Bc5 4. c3 Nf6 5. d3 d6 6. Bb3 a6 7. Nbd2 O-O 8.
O-O Ba7 9. Re1 Ng4 10. Re2 Kh8 11. h3 Nh6 12. Nc4 f5 13. Bxh6 gxh6 14. exf5
Bxf5 15. Rd2 Qf6 16. Nh2 Ne7 17. Ne3 Bd7 18. Qh5 Qg5 19. Qxg5 hxg5 20. Nd5
Nxd5 21. Bxd5 c6 22. Bf3 Bf5 23. Re1 Kg7 24. Bh5 Kh6 25. Nf3 Bg6 26. Bg4
Rae8 27. g3 Bf7 28. h4 gxh4 29. Nxh4 Kg5 30. Bd1 Bd5 31. Bc2 Bc4 32. Bb3
Bxb3 33. axb3 Rf7 34. d4 Ref8 35. Kg2 Kh6 36. Rh1 Kg7 37. f3 exd4 38. cxd4
h5 39. Re1 Bb6 40. Re6 Rf6 41. Re5 R8f7 42. Re8 Rd7 43. g4 hxg4 44. fxg4
Kf7 45. Rh8 Kg7 46. Re8 Kf7 47. Rh8 Kg7 48. Re8 1/2-1/2

[Event "ch-BEL"]
[Site "Charleroi BEL"]
[Date "2001.07.14"]
[Round "8"]
[White "Meessen,R"]
[Black "Claesen,P"]
[Result "1-0"]
[WhiteElo "2323"]
[BlackElo "2411"]
[EventDate "2001.07.07"]

1. d4 Nf6 2. c4 c5 3. d5 b5 4. cxb5 a6 5. f3 axb5 6. e4 Qa5+ 7. Bd2 b4 8.
Na3 d6 9. Nc4 Qd8 10. a3 e6 11. Ne3 exd5 12. exd5 Qe7 13. axb4 Rxa1 14.
Qxa1 Qb7 15. Bc4 Be7 16. Ne2 O-O 17. bxc5 dxc5 18. O-O Bd6 19. Ng3 Bf4 20.
Re1 Nbd7 21. b3 Qc7 22. Qc1 Nb6 23. Nef5 Nfxd5 24. Bxf4 Nxf4 25. Re7 Qb8
26. Bxf7+ Rxf7 27. Re8+ Rf8 28. Qc3 Bxf5 29. Rxb8 Rxb8 30. Qe5 Rd8 31. Qxf4
Bg6 1-0

[Event "ch-BEL"]
[Site "Charleroi BEL"]
[Date "2001.07.15"]
[Round "9"]
[White "Chuchelov,V"]
[Black "Dutreeuw,M"]
[Result "1-0"]
[WhiteElo "2607"]
[BlackElo "2390"]
[EventDate "2001.07.07"]

1. Nf3 d5 2. d4 Nf6 3. c4 e6 4. Nc3 Be7 5. Qc2 Na6 6. a3 c5 7. e3 O-O 8. b3
b6 9. cxd5 Nxd5 10. Nxd5 Qxd5 11. Bd3 f5 12. O-O Bb7 13. Be2 Qc4 14. Bd3
Qa4 15. Bc4 Qc6 16. Qe2 Nc7 17. Bb2 Qe4 18. dxc5 bxc5 19. Rfd1 Bf6 20. Rac1
Rfd8 21. Bxf6 gxf6 22. Bb5 Qd3 23. b4 Qd5 24. Rxc5 Qb3 25. Bd3 Bxf3 26.
gxf3 Nd5 27. Bc4 Nxb4 28. axb4 Qa3 29. Bd5 Rxd5 30. Rcxd5 exd5 31. Qb5 Rd8
32. Rxd5 Rxd5 33. Qxd5+ Kg7 34. b5 Qc1+ 35. Kg2 Qb1 36. Qb7+ Kg6 37. e4 f4
38. Qd7 Qb2 39. h4 Qe5 40. Kh3 f5 41. h5+ Kxh5 42. Qxh7+ Kg5 43. Qxf5+
Qxf5+ 44. exf5 Kxf5 45. Kh4 Ke6 46. Kg4 Ke5 47. Kg5 Kd5 48. Kxf4 Kc5 49.
Ke5 Kxb5 50. f4 a5 51. f5 a4 52. f6 a3 53. f7 a2 54. f8=Q a1=Q+ 55. Kf5
Qe5+ 56. Kg6 Ka4 57. f4 Qe4+ 58. Qf5 Qg2+ 59. Kf7 Qb7+ 60. Kf6 Qc6+ 61. Qe6
Qc3+ 62. Qe5 Qc6+ 63. Ke7 Qg6 64. f5 Qh7+ 65. Kd8 Qh4+ 66. f6 Qb4 67. f7
Qb6+ 68. Ke7 Qc6 1-0

[Event "ch-BEL"]
[Site "Charleroi BEL"]
[Date "2001.07.15"]
[Round "9"]
[White "Dgebuadze,A"]
[Black "Claesen,J"]
[Result "1-0"]
[WhiteElo "2547"]
[BlackElo "2273"]
[EventDate "2001.07.07"]

1. e4 d6 2. d4 Nf6 3. Nc3 g6 4. Be3 Bg7 5. Nf3 O-O 6. Qd2 e5 7. dxe5 dxe5
8. O-O-O Qe7 9. h4 c6 10. Bg5 Bg4 11. h5 Nbd7 12. hxg6 fxg6 13. Bc4+ Be6
14. Qxd7 Qxd7 15. Rxd7 Bxc4 16. Rxg7+ Kxg7 17. Bh6+ Kg8 18. Bxf8 Rxf8 19.
Nxe5 Be6 20. f3 Kg7 21. Kd2 g5 22. g3 h5 23. Ke3 Rh8 24. f4 Ng4+ 25. Nxg4
Bxg4 26. Nd1 Kg6 27. f5+ Kf6 28. Nf2 Rd8 29. Nxg4+ hxg4 30. Rh6+ Kf7 31.
Rg6 Rd1 32. Rxg5 Re1+ 33. Kf4 Re2 34. e5 Rxc2 35. e6+ Kf6 36. Rg6+ Ke7 37.
Rg7+ Kf8 38. Rxb7 1-0

[Event "ch-BEL"]
[Site "Charleroi BEL"]
[Date "2001.07.15"]
[Round "9"]
[White "Winants,L"]
[Black "Meessen,R"]
[Result "1-0"]
[WhiteElo "2497"]
[BlackElo "2323"]
[EventDate "2001.07.07"]

1. g3 g6 2. Bg2 Bg7 3. d4 d5 4. Nf3 Nf6 5. c4 dxc4 6. O-O O-O 7. Na3 Nc6 8.
Nxc4 Be6 9. b3 a5 10. Bb2 Bd5 11. Ne3 Be4 12. a3 Qc8 13. Nc4 Rd8 14. e3 Bd5
15. Qe2 Ne4 16. Rac1 f5 17. Rfd1 Qe6 18. Ne1 g5 19. a4 b6 20. Nd3 Rd7 21.
Re1 Re8 22. f3 Nd6 23. Qc2 Qg6 24. Kh1 Nf7 25. Nd2 Nb4 26. Nxb4 axb4 27. e4
fxe4 28. fxe4 Bb7 29. d5 Bxb2 30. Qxb2 e6 31. Nc4 Red8 32. Qd2 Qg7 33. Ne3
Ne5 34. Red1 g4 35. Qxb4 Qg5 36. Qc3 c6 37. Rf1 cxd5 38. exd5 Nf3 39. Nxg4
Qxg4 40. Qxf3 Qxf3 41. Bxf3 Bxd5 42. Bxd5 Rxd5 43. Rc6 Rd2 44. Rxb6 Re2 45.
Rb4 h6 46. Rh4 Ra2 47. Rb1 Rdd2 48. b4 Rxa4 49. Rxh6 Kg7 50. Rh4 Raa2 51.
b5 e5 52. b6 Re2 53. Rb2 Rf2 54. Rxa2 Rg2 55. Rb2 Rxb2 56. Rh5 Rb5 57. Kg2
Kf6 58. Rh8 Kf5 59. Rb8 Ke4 60. b7 Rb3 61. h4 Rb2+ 62. Kh3 Rb1 63. h5 Rb4
64. h6 Rb6 65. Kg4 1-0